Statistiques concernant Culture Générale - Série 2458

Cliquez ici pour prendre le quiz!

Statistiques générales

  • Ce quiz a été pris 145 fois
  • Le résultat moyen est 5 sur 10

Statistiques - réponses

QuestionRéponse% Correct
Quelle est la capitale de la Lituanie ?Vilnius
85%
Quelle série de 8 films fantastiques a été tournée en partie dans le château d'Alnwick au Royaume Uni ?Harry Potter
80%
Quelle est la capitale de l'Azerbaïdjan ?Bakou
74%
Qui a réalisé le film Ready Player One en 2018 ? prénom et nom - voir photoSteven Spielberg
55%
Quel insecte peut être "citron-monarque-cendre" ?papillon
53%
Selon Claude Allègre alors ministre de l'Éducation nationale, quel animal faudrait-il dégraisser
pour diminuer le nombre d'employés dans la fonction publique ?
mammouth
50%
Dans quel pays se trouve le château de Malbork (forteresse de Marienbourg ) ?Pologne
30%
Dans quel département se trouve Château-Gaillard qui est un ancien château fort construit à la fin du XIIᵉ siècle, aujourd'hui en ruine, dont les vestiges se dressent sur la commune française des Andelys ?Eure
22%
Quel mot synonyme d'exil imposé désigne aussi une ovation pour le vainqueur ?ban
13%
Dans le dessin animé Blanche-Neige, comment se nomme la méchante reine ?Grimhilde
2%

Distribution des résultats

Percentile par nombre de réponses

% des personnes avec chaque résultat

Votre développement - résultats

Vous n’avez pas pris ce quiz